| 000 | 00574cam a2200181 4500 | ||
|---|---|---|---|
| 001 | D14015 | ||
| 008 | 090401t1904 xxu||||| |||| 00| 0 eng d | ||
| 035 | _a(Sirsi) u94601 | ||
| 041 | _aeng | ||
| 100 | _aTarbuck, Edward Lance | ||
| 245 | _aHandbook of House Property. A popular and practical guide to purchase, mortgage, tenancy and compulsory sale of houses and land including dilapidations and fixtures | ||
| 260 |
_aLondon _bCrosby Lockwood and Son _c1904 |
||
| 300 | _axi,299p. ; 18cm. | ||
| 350 | _a0 | ||
| 520 | _aShelf 135 | ||
| 942 | _n0 | ||
| 948 | _c04/03/1997 | ||
| 999 |
_c98094 _d98094 |
||